| Tag |
First Indicator |
Second Indicator |
Subfields |
| LEADER |
00000cas a22000004a 4500 |
| 001 |
in00001669293 |
| 005 |
20151024122050.0 |
| 006 |
m f d |
| 007 |
cr un--------- |
| 008 |
001019c19989999at qr p s 0 0eng c |
| 010 |
|
|
|a 00242258
|
| 022 |
|
|
|y 1440-1762
|y 1320-5455
|
| 035 |
|
|
|a (OCoLC)ocm45198259
|
| 040 |
|
|
|a MYG
|c MYG
|d OCLCQ
|d TXA
|d UtOrBLW
|
| 042 |
|
|
|a lcd
|
| 049 |
|
|
|a TXAM
|
| 050 |
1 |
4 |
|a R99
|b .J68 Electronic
|
| 130 |
0 |
|
|a Journal of quality in clinical practice (Online : Synergy)
|
| 245 |
1 |
0 |
|a Journal of quality in clinical practice.
|
| 264 |
|
1 |
|a [Carlton South, Vic., Australia] :
|b Blackwell Science.
|
| 310 |
|
|
|a Quarterly
|
| 336 |
|
|
|a text
|b txt
|2 rdacontent
|
| 337 |
|
|
|a computer
|b c
|2 rdamedia
|
| 338 |
|
|
|a online resource
|b cr
|2 rdacarrier
|
| 362 |
1 |
|
|a Electronic coverage as of Oct. 19, 2000: Vol. 18, issue 4 (Dec. 1998)-
|
| 500 |
|
|
|a "Official journal of the Australian Council on Healthcare Standards and the Australian Medical Association."
|
| 500 |
|
|
|a Available through: Synergy.
|
| 500 |
|
|
|a Description based on: Volume 18, issue 4 (Dec. 1998); title from table of contents page (viewed on Oct. 19, 2000).
|
| 506 |
|
|
|a Subscription required for access to full text.
|
| 516 |
8 |
|
|a Tables of contents and summaries freely available in HTML format; full text articles available to subscribers in PDF (some also in HTML)
|
| 530 |
|
|
|a Online version of the print publication.
|
| 538 |
|
|
|a System requirements: Internet connectivity, World Wide Web browser, and Adobe Acrobat Reader.
|
| 538 |
|
|
|a Mode of access: World Wide Web.
|
| 500 |
|
|
|a Electronic resource.
|
| 650 |
|
0 |
|a Clinical medicine
|x Standards
|v Periodicals.
|
| 650 |
|
0 |
|a Medical care
|x Quality control
|v Periodicals.
|
| 710 |
2 |
|
|a Australian Council on Healthcare Standards.
|
| 710 |
2 |
|
|a Australian Medical Association.
|
| 776 |
1 |
|
|t Journal of quality in clinical practice
|x 1320-5455
|w (OCoLC)30137699
|w (DLC)sn 94038312
|
| 936 |
|
|
|a Vol. 20, issue 1 (Mar. 2000) LIC
|
| 949 |
|
|
|a MFHD URL added
|b h
|c 2003/2/19
|d c
|e rstovall5
|f 12:42:21 pm
|
| 994 |
|
|
|a E0
|b TXA
|
| 999 |
|
|
|a MARS
|
| 999 |
f |
f |
|s f27acf25-d202-3d79-b21b-b8236ea199a7
|i 166640c1-0fcf-3916-b706-9f2a9acab84c
|t 0
|
| 952 |
f |
f |
|a Texas A&M University
|b College Station
|c Electronic Resources
|d Available Online
|t 0
|e R99 .J68
|g Electronic
|h Library of Congress classification
|
| 998 |
f |
f |
|a R99 .J68
|t 0
|l Available Online
|